Mechanics of aircraft structures / (Record no. 11919)
[ view plain ]
| 000 -LEADER | |
|---|---|
| fixed length control field | 01262cam a2200289 a 4500 |
| 001 - CONTROL NUMBER | |
| control field | 3071628 |
| 005 - DATE AND TIME OF LATEST TRANSACTION | |
| control field | 20040706103517.0 |
| 008 - FIXED-LENGTH DATA ELEMENTS--GENERAL INFORMATION | |
| fixed length control field | 970808s1998 nyu 001 0 eng |
| 010 ## - LIBRARY OF CONGRESS CONTROL NUMBER | |
| LC control number | 97029337 |
| 020 ## - INTERNATIONAL STANDARD BOOK NUMBER | |
| International Standard Book Number | 0471178772 (cloth : alk. paper) |
| 040 ## - CATALOGING SOURCE | |
| Original cataloging agency | DLC |
| Transcribing agency | DLC |
| Modifying agency | DLC |
| 050 00 - LIBRARY OF CONGRESS CALL NUMBER | |
| Classification number | TL671.6 |
| Item number | .S82 1998 |
| 082 00 - DEWEY DECIMAL CLASSIFICATION NUMBER | |
| Classification number | 629.13431 |
| Edition number | 22 |
| Item number | SUN |
| 100 1# - MAIN ENTRY--PERSONAL NAME | |
| Personal name | Sun, C. T. |
| Fuller form of name | (Chin-Teh), |
| Dates associated with a name | 1939- |
| 9 (RLIN) | 6529 |
| 245 10 - TITLE STATEMENT | |
| Title | Mechanics of aircraft structures / |
| Statement of responsibility, etc | C.T. Sun. |
| 260 ## - PUBLICATION, DISTRIBUTION, ETC. (IMPRINT) | |
| Place of publication, distribution, etc | New York : |
| Name of publisher, distributor, etc | John Wiley, |
| Date of publication, distribution, etc | c1998. |
| 300 ## - PHYSICAL DESCRIPTION | |
| Extent | xii, 255 p. ; |
| Dimensions | 24 cm. |
| 500 ## - GENERAL NOTE | |
| General note | Includes index. |
| 650 #0 - SUBJECT ADDED ENTRY--TOPICAL TERM | |
| Topical term or geographic name as entry element | Airframes. |
| 9 (RLIN) | 6530 |
| 650 #0 - SUBJECT ADDED ENTRY--TOPICAL TERM | |
| Topical term or geographic name as entry element | Fracture mechanics. |
| 9 (RLIN) | 6531 |
| 856 42 - ELECTRONIC LOCATION AND ACCESS | |
| Materials specified | Contributor biographical information |
| Uniform Resource Identifier | <a href="http://www.loc.gov/catdir/bios/wiley047/97029337.html">http://www.loc.gov/catdir/bios/wiley047/97029337.html</a> |
| 856 42 - ELECTRONIC LOCATION AND ACCESS | |
| Materials specified | Publisher description |
| Uniform Resource Identifier | <a href="http://www.loc.gov/catdir/description/wiley032/97029337.html">http://www.loc.gov/catdir/description/wiley032/97029337.html</a> |
| 856 4# - ELECTRONIC LOCATION AND ACCESS | |
| Materials specified | Table of Contents |
| Uniform Resource Identifier | <a href="http://www.loc.gov/catdir/toc/onix02/97029337.html">http://www.loc.gov/catdir/toc/onix02/97029337.html</a> |
| 942 ## - ADDED ENTRY ELEMENTS (KOHA) | |
| Source of classification or shelving scheme | Dewey Decimal Classification |
| Item type | Book - Borrowing |
| Withdrawn status | Item status | Source of classification or shelving scheme | Damaged status | Not for loan | Vendor | Home library | Current library | Shelving location | Date acquired | Source of acquisition | Cost, normal purchase price | Total Checkouts | Total Renewals | Full call number | Barcode | Date last seen | Date last borrowed | Koha item type |
|---|---|---|---|---|---|---|---|---|---|---|---|---|---|---|---|---|---|---|
| Dewey Decimal Classification | Alef-Baa | Central Library | Central Library | First floor | 21/06/2009 | 150.00 | 1 | 10 | 629.13431 SUN | 000017078 | 15/07/2025 | 23/10/2011 | Book - Borrowing |